| 000 | 00580nam a2200217Ia 4500 | ||
|---|---|---|---|
| 005 | 20260429111913.0 | ||
| 008 | 260429s9999||||xx |||||||||||||| ||und|| | ||
| 020 | _a9788196302511 | ||
| 041 | _aEnglish | ||
| 082 |
_a629.045 _bBHA |
||
| 100 | _aBhatia, Parth | ||
| 245 | 0 |
_aHuman machine navigation systems / _cParth Bhatia |
|
| 260 |
_aNew Delhi : _bBio-Green Books, _c2024. |
||
| 300 | _aviii, 90 p.; hb | ||
| 650 | _a Machine navigation | ||
| 650 | _a Navigation systems | ||
| 650 | _aEngineering | ||
| 700 | _a Jain, Ekta | ||
| 700 | _a Patal, Sanjay | ||
| 942 | _cTB | ||
| 999 |
_c51356 _d51356 |
||